000 00482nam a2200157Ia 4500
008 240729s9999 xx 000 0 und d
022 _a2806-6073
245 0 _aJournal of Global Health Economics and Policy
260 _aUnited Kingdom
260 _bInternational Society of Global Health
650 _a Public aspects of medicine
650 _aSocial Sciences | Medicine
856 _uhttps://doaj.org/toc/c3724a4c8a264ad49dab22f19e56bc8e
942 _2ddc
942 _cDOAJEJ
999 _c66554
_d66554
945 _a1
_bMadushi Gamage
_c1
_dMadushi Gamage